000 00471cam a22001814a 4500
005 20250605163537.0
008 250528s ||||||||||||||||||||||||d
035 _a21457
040 _aGR-AtMCL
_bgre
_dGR-AtMCL
_eAACR2
245 1 _aΚΟΙΝΩΝΙΚΗ ΨΥΧΟΛΟΓΙΑ ΤΟΜΟΣ Β
250 _a15
260 _bΑυτοεκδοση,
_c1995
300 _a264
700 1 _aΓεωργας Δημητριος
942 _cBK
999 _c6519
_d6519